| 000 | 00522nam a2200217Ia 4500 | ||
|---|---|---|---|
| 001 | 1842 | ||
| 003 | GE_BSU | ||
| 008 | 181216s||||||||xx |||||||||||||| ||und|| | ||
| 020 | _a5943731342 | ||
| 040 | _cGE_BSU | ||
| 080 | _a342.2/.3(075.8) | ||
| 100 | _aНовицкий, И.Б | ||
| 245 | _aРимское прово. | ||
| 245 | _bУчебник для вузов | ||
| 260 | _aМосква | ||
| 260 | _c2007 | ||
| 300 | _a244 с. 21 с. | ||
| 541 | _h7 л. | ||
| 653 | _aРимское право | ||
| 942 | _cBK | ||
| 999 |
_c35943 _d35943 |
||